Čierny Rogan Zlato Arkony Kniha prvá

Bibliographic Details
Main Author: Červenák, Juraj, 1974- (Author)
Other Authors: Ivan, Michal, 1982- (Illustrator)
Format: Book
Language:Slovak
PhysicalDescription:260 s. ilustr. 21 cm
Published: Žilina Artis omnis 2012
ISBN:9788089341375
Edition:1. vyd.
Series:Margo
Subjects:

MARC

LEADER 00000cam a2200000 a 4500
001 vtls010455065
003 SK-MaSNL
005 20260301132838.0
008 240313s2012 xo ab g 000 f slo
015 |a SNBA2013 
020 |a 9788089341375  |q (viaz.) 
035 |a 68042ED0-43D5-4DA4-A579-737A93F0079D 
035 |a urn:nbn:sk:snk-amjloc 
035 |a urn:nbn:sk:snk-am001nqr 
040 |a SNK  |b slo  |c SNK  |e AACR2 
041 0 |a slo 
044 |a xo  |c SK 
072 7 |a 821.162.4-3  |x Slovenská próza  |2 konspekt 
080 |a 821.162.4-31  |2 2001 
080 |a (0:82-312.9)  |2 2001 
100 1 |a Červenák, Juraj,  |d 1974-  |4 aut  |9 239345 
245 1 0 |a Čierny Rogan  |p Zlato Arkony  |n Kniha prvá  |c Juraj Červenák ; obálka a ilustrácie Michal Ivan 
246 3 0 |a Zlato Arkony  |n Kniha prvá 
250 |a 1. vyd. 
260 |a Žilina  |b Artis omnis  |c 2012 
300 |a 260 s.  |b ilustr.  |c 21 cm 
490 1 |a Margo 
500 |a Mapa na predsádkach 
655 7 |a slovenské romány  |2 SNKPH  |9 70324 
655 7 |a fantasy romány  |2 SNKPH  |9 121434 
655 7 |a Slovak fiction  |2 SNKPHeng  |9 277096 
655 7 |a Fantasy novels  |2 SNKPHeng  |9 248525 
700 1 |a Ivan, Michal,  |d 1982-  |4 ill  |9 248515 
830 0 |a Margo  |9 302545 
852 |a Slovenská národná knižnica 
919 |a 978-80-89341-37-5 
954 |a beletria pôvodná (slovenská)  |2 lita 
958 |a LX 
999 |c 752128  |d 754058 
952 |a SNK  |b SNK  |y NEVYP  |7 1  |p 17A1058938  |o snkSC 152145/1  |i snk2012/24423  |8 0  |0 0  |1 0  |4 0  |d 2012-11-27  |l 0  |r 2025-07-22 00:00:00  |w 2026-02-23 
952 |a SNK  |b SNK  |y PREZ  |7 0  |p 17A1058937  |o snkSC 152145/1 D1  |i snk2012/24424  |8 0  |0 0  |1 0  |4 0  |d 2012-11-27  |l 0  |r 2026-02-23 23:36:28  |w 2026-02-23 
952 |a SNKLM  |b SNKLM  |y NEVYP  |7 0  |o snklmDK 6870 SNKLM  |i snklm2014/43  |8 3  |g 8.40  |0 0  |1 0  |4 0  |d 2015-02-04  |l 0  |r 2026-02-23 23:36:28  |w 2026-02-23